00917 2200325 4500001002100000005001500021035002000036007000300056040001700059100003800076245007200114250001200186300003600198504002500234020002200259041000800281082001100289084001700300090002200317264004200339336002100381337003000402338002300432500002800455650001300483850001000496008004100506990002200547990002200569INLIS00000000000883520260518082106 a0010-1022000210ta aSBPUPADbind0 aDaniel Mohammad RosyidePengarang1 aParadigma Pengembangan Maritim Dan Energi /cDaniel Mohammad Rosyid a.-cet.1 axii,210 hlm. :billus. ;c23 cm aBibliografi ,Hlm 204 a978-979-3580-98-20 aind a551.46 a551.46 DAN p a551.46 DAN p 16-5 a.--malang :bIntrans Publshing,c2017 2rdacontentateks 2rdamediaatanpa perantara 2rdacarrieravolume aTentang Penulis,Hlm 204 4aKelautan aPUPAD260518 0  a30.037/B/DPK/2018 a30.038/B/DPK/2018